000 00642nam a2200253Ia 4500
003 OSt
005 20220918191149.0
006 a|||||r|||| 00| 0
007 ta
008 220917b |||||||| |||| 00| 0 eng d
024 _a61,809
037 _cTextual
040 _aARTS
_cARTS
_beng
041 _2eng
_aeng
082 _aQ43wE40, M2
100 _aLhalungpa Lobsang P
_975144
245 0 _aLife of Milarepa
250 _a2nd
260 _aBoulder
_bPraina
_c1982
300 _axxxii, 220p.
_ccm.
650 _aRELIGION
942 _hQ43wE40, M2
_cTEXL
_2CC
999 _c188578
_d188578